| 000 | 00524nam a2200181Ia 4500 | ||
|---|---|---|---|
| 008 | 100917s9999 xx 000 0 und d | ||
| 082 | _b44953 | ||
| 100 | _aभट म. दा. | ||
| 245 | _aसो हम्र - साधना | ||
| 260 |
_bके. वा. जोशी _c1970 |
||
| 300 | _a203 | ||
| 365 | _b10 | ||
| 520 | _aअध्यात्म | ||
| 630 | _aसो हम्र - साधना | ||
| 650 | _aअध्यात्म | ||
| 730 | _aसो हम्र - साधना | ||
| 942 | _cBOOK | ||
| 999 |
_c650347 _d650344 |
||